000 00461nam a2200193Ia 4500
005 20240823005728.0
008 240823s9999||||xx |||||||||||||| ||und||
041 _aENGLISH
082 _A621.47 N7
100 _aTiwari G N
245 0 _aSolar Thermal Engineering Systems
250 _a1st
260 _c1997
_b"Narosa,New Delhi"
500 _aYES
650 _aSolar Thermal
_bMechanical
700 _a Sangeeta Suneja
942 _cBK
999 _c156556
_d156556